Галактики и квазары: пер. с пол.

Chi tiết về thư mục
Tác giả chính: Зонн В. Владимир
Tóm tắt:Доп. тит. лист
Ngôn ngữ:Tiếng Nga
Được phát hành: Москва, Мир, 1978
Những chủ đề:
Định dạng: Sách
KOHA link:https://koha.lib.tpu.ru/cgi-bin/koha/opac-detail.pl?biblionumber=65198

MARC

LEADER 00000nam0a2200000 4500
001 65198
005 20231101212202.0
035 |a (RuTPU)RU\TPU\book\69214 
090 |a 65198 
100 |a 20040616d1978 km y0rusy50 ca 
101 1 |a rus  |c pol 
102 |a RU 
105 |a a z 000zy 
200 1 |a Галактики и квазары  |e пер. с пол.  |f В. Зонн 
210 |a Москва  |c Мир  |d 1978 
215 |a 247 с.  |c ил. 
300 |a Доп. тит. лист 
606 |a Квазары  |2 stltpush  |3 (RuTPU)RU\TPU\subj\14185  |9 40644 
610 1 |a галактики 
610 1 |a астрономия 
610 1 |a радиогалактика 
610 1 |a спектроскопия 
610 1 |a космологическая теория 
675 |a 524.6  |v 3 
700 1 |a Зонн  |b В.  |g Владимир 
801 1 |a RU  |b 63413507  |c 20040616  |g PSBO 
801 2 |a RU  |b 63413507  |c 20160519  |g PSBO 
942 |c BK